000 00695nam a22002177a 4500
003 OSt
005 20250710022044.0
008 250710b |||||||| |||| 00| 0 eng d
020 _a978-971-0445-39-4.
040 _aDWCL-Main Lib
_cOC
082 _aFil. 800 V145u 2009
100 _aValdez, Suzette F.
245 _aUnderstanding literary arts & appreciating literatures of the world
_cSuzette F. Valdez
260 _aManila :
_bMindshapers Co., Inc.,
_cc2009.
300 _axiii, 444 p. ;
_c25 cm.
504 _aIncludes bibliographical references.
650 _a1. Literature-Collections.
650 _a2. Literature.
700 _aDebbie F. Dianco
942 _2ddc
_cBK - FIL
_kFil.
_n0
999 _c3559
_d3559